000 00820nam a22002777a 4500
003 CHAP
005 20220817042350.0
008 971013s1977 r 00010 d
010 _a42342
011 _a43314
035 _a47450
040 _cCHAP
090 _aFolleto 7845
110 _aMéxico. Dirección General de Extensión Agrícola
245 _aProduzcamos más maíz
_b: Nayarit
260 _a(s.l.) :
_bLa Dirección,
_c1977
300 _a14 p.
_b: ilus
590 _aBATCH-UPD
_b10
_c20130110
_lUCH01
_h2256
590 _aBATCH-UPD
_b10
_c20130410
_lUCH01
_h1549
590 _aBATCH-UPD
_b10
_c20130914
_lUCH01
_h1751
590 _aCONVERSION
_b10
_c20130109
_lUCH01
_h1323
650 1 4 _aMaíz
_xNayarit.
_971023
901 _aBK
942 _cFOLL
949 _aFolleto 7845
_bBC
_cFOLL
_d-107822
_eTS1
_i47450
_si
999 _c42342
_d42342